000 00448 a2200145 4500
001 ART_10105
005 20260410161612.0
008 260409a
245 1 0 _aElogios del líder incompleto
100 1 _aAncona, Deborah
700 1 _aMalone, Thomas W.
700 1 _aOrlikowski, Wanda J.
700 1 _aSenge, Perter M.
773 0 _tHarvard Business Review
_g¿Quién fija la estrategia? - Vol. 85, Nº 2 (feb. 2007)
_wREV340
999 _c10767
_d10767